Η επόμενη ημέρα... : ...μετά την πτώση του "υπαρκτού σοσιαλισμού"
Αποθηκεύτηκε σε:
| Κύριος συγγραφέας: | |
|---|---|
| Μορφή: | Βιβλίο |
| Γλώσσα: | Greek |
| Δημοσίευση: |
Θεσσαλονίκη :
Παρατηρητής,
1992
|
| Θέματα: | |
| Ετικέτες: |
Προσθήκη ετικέτας
Δεν υπάρχουν, Καταχωρήστε ετικέτα πρώτοι!
|
MARC
| LEADER | 00000nam a2200000 i 4500 | ||
|---|---|---|---|
| 001 | 1/66501 | ||
| 008 | 931020s gre d | ||
| 020 | |a 960-260-698-3 | ||
| 035 | |a ΛΕΣΒΟΣb10001737 |l 10001737 | ||
| 040 | |a GR-MY-UA |b gre |e aacr | ||
| 041 | 0 | |a gre | |
| 082 | 0 | |a 335.4 | |
| 100 | 1 | |a Hobsbawm, E. J. |q (Eric J.), |d 1917-2012. | |
| 245 | 1 | 2 | |a Η επόμενη ημέρα... : |b ...μετά την πτώση του "υπαρκτού σοσιαλισμού" / |c Χόμπσμπαουμ, Έρικ ...[κ.ά.] ; Επιλογή - εισαγωγή Γιάννης Βούλγαρης |
| 260 | |a Θεσσαλονίκη : |b Παρατηρητής, |c 1992 | ||
| 300 | |a 294 σ. | ||
| 500 | |a Το βιβλίο περιέχει κείμενα των: Χόμπσμπαουμ, Χάμπερμας, Ντάρεντορφ, Αρρίγκι, Βάλλερσταϊν, Τελό, Βάκκα, Τσέκο | ||
| 650 | 0 | 0 | |a Communism. |
| 650 | 0 | 0 | |a Socialism. |
| 650 | 0 | 0 | |a Revolutions and socialism. |
| 852 | |a INST |b LESVOS |e 19931020 |h 335.4 ΕΠΟ |p 005100004253 |q 005100004253 |t BK |y 0 | ||
| 909 | |a Λ |b 029831 | ||